| 000 | 00000nam##2200000za#4500 |
| 001 | 9.635777 |
| 003 | CaOODSP |
| 005 | 20210624220421 |
| 007 | cr ||||||||||| |
| 008 | 150407|2008||||xxc|||||o f|0| 0 fre|d |
| 020 | |a978-0-662-04970-8 |
| 040 | |aCaOODSP|bfre |
| 043 | |an-cn--- |
| 086 | 1 |aR3-78/2008F-PDF |
| 110 | 1 |aCanada.|bAffaires indiennes et du Nord. |
| 245 | 10|aBureau géoscientifique des Territories du Nord-Ouest |h[ressource électronique] |
| 260 | |aYellowknife - Territoires du Nord-Ouest : |bAffaires indiennes et du Nord |c[200?]. |
| 300 | |a2p.|bphotographies |
| 500 | |a« Recherche. Analyses. Informations »--Couverture. |
| 590 | |a15-02-Supp|b2015-02-16 |
| 691 | 07|aBrochure|2gcpds |
| 691 | 07|aGéologie|2gcpds |
| 775 | 08|tNorthwest Territories Geoscience Office |w(CaOODSP)9.691447 |
| 856 | 40|ahttp://publications.gc.ca|qPDF|s833 Ko|uhttps://publications.gc.ca/collections/collection_2014/aadnc-aandc/R3-78-2008-fra.pdf |